00484nam a2200121Ia 4500008004100000100002000041245006800061245011400129260004900243260000900292650001300301856004800314170221s9999 xx 000 0 und d aKomal S. Karani 4aThe effect of order of prices on customers’ confidence levels cKomal S. Karani, Lamar University; Katherine Fraccastoro, Lamar University; Jeremy Shelton, Lamar University. bJournal of Management and Marketing Research c2011 xBusiness uhttp://www.aabri.com/manuscripts/131495.pdf